La réponse est de plus en plus longue - États-Unis - Statistiques

Statistiques générales
  • Ce quiz a été pris 528 fois
  • Le résultat moyen est 11 sur 20
Statistiques - réponses
Indice Lettres Réponse % Correct
Abréviation communément employée de Los Angeles. 2 L.A.
99%
Lettre barrée qui forme le symbole du dollar. 1 S
99%
Pays contre lequel les États-Unis ont mis en place un embargo depuis 1962. 4 Cuba
87%
Sigle du service fédéral de police judiciaire américain. 3 FBI
86%
Fête pour laquelle le président gracie solennellement une dinde. 12 Thanksgiving
78%
Le "F" dans John F. Kennedy. 10 Fitzgerald
74%
Seul président éponyme d'un État américain. 16 George Washington
70%
Selon l'adage, ce qui se passe dans cette ville reste dans cette ville. 8 Las Vegas
65%
Territoire de 2 145 000 km2 vendu par Napoléon au prix de 3 cents par acre. 9 Louisiane
63%
Ville du Nebraska qui a donné son nom à une plage du débarquement de Normandie. 5 Omaha
58%
Acteur, culturiste et ancien gouverneur de Californie. 20 Arnold Schwarzenegger
54%
Lieu au nom sordide où la température peut aisément dépasser les 50°C. 14 Vallée de la Mort
52%
Actrice dont le vrai nom était Norma Jeane Mortensen. 13 Marilyn Monroe
48%
Plus petit État des États-Unis, mais aussi l'un des plus densément peuplés. 11 Rhode Island
47%
Signification de "D.C" dans Washington D.C. 18 District de Columbia
38%
Auteur de Paris est une fête, Pour qui sonne le glas et Le Vieil Homme et la Mer. 15 Ernest Hemingway
33%
Tribu amérindienne dont Geronimo a été le chef de guerre. 6 Apache
31%
Sa capitale est Charleston. 19 Virginie-Occidentale
25%
Nom donné au site actuel de New York en 1527 en l'honneur de François Ier. 17 Nouvelle-Angoulême
7%
Volcan hawaïen, l'un des plus actifs au monde. 7 Kilauea
6%
Aucun quiz correspondant
Distribution des résultats
% des personnes avec chaque résultat
Percentile par nombre de réponses
Votre historique - résultats
Vous n’avez pas pris ce quiz